书目信息 |
| 题名: |
社会分工论
|
|
| 作者: | 涂尔干 , Durkhem 著 ;渠东 译 | |
| 分册: | ||
| 出版信息: | 北京 生活·读书·新知三联书店 2000 |
|
| 页数: | 44,388页 | |
| 开本: | 20cm | |
| 丛书名: | 现代西方学术文库 | |
| 单 册: | ||
| 中图分类: | F014.2 | |
| 科图分类: | ||
| 主题词: | 社会分工--概论 , 社会分工 | |
| 电子资源: | ||
| ISBN: | 7-108-01405-X | |
| 000 | 01015oam2 2200313 450 | |
| 001 | 012001061539 | |
| 005 | 20120628153644.93 | |
| 010 | @a7-108-01405-X@dCNY28.00 | |
| 100 | @a20010801e20052000emky0chiy0110 ea | |
| 101 | 1 | @achi |
| 102 | @aCN@b110000 | |
| 105 | @ay z 000yy | |
| 106 | @ar | |
| 200 | 1 | @a社会分工论@9she hui fen gong lun@f埃米尔·涂尔干(Emile Durkhem)著@g渠东译 |
| 210 | @a北京@c生活·读书·新知三联书店@d2000@h2005重印 | |
| 215 | @a44,388页@d20cm | |
| 225 | 2 | @a现代西方学术文库 |
| 305 | @a据Paris: Alcan, 1902年第二版译出 | |
| 330 | @a本书包括“劳动分工的功能”、“原因和条件”、“反常形式”三卷,从法的角度具体阐释集体意识的社会作用。 | |
| 461 | 0 | @12001 @a现代西方学术文库 |
| 510 | 1 | @aDe la Division du Travail Social@zfre |
| 606 | 0 | @a社会分工@x概论 |
| 606 | 0 | @a社会分工 |
| 690 | @aF014.2@v4 | |
| 701 | 1 | @a涂尔干@9tu er gan@bE.@4著 |
| 701 | 1 | @aDurkhem@bEmile@4著 |
| 702 | 0 | @a渠东@9qu dong@4译 |
| 801 | 0 | @aCN@bNLC@c20010813 |
| 905 | @b541912-15@dF014.2@e393@f4 | |
| 社会分工论/埃米尔·涂尔干(Emile Durkhem)著/渠东译.-北京:生活·读书·新知三联书店,2000(2005重印) |
| 44,388页;20cm.-(现代西方学术文库) |
| ISBN 7-108-01405-X:CNY28.00 |
| 本书包括“劳动分工的功能”、“原因和条件”、“反常形式”三卷,从法的角度具体阐释集体意识的社会作用。 |
| ● |
| 相关链接 |
|
|
|
|
正题名:社会分工论
索取号:F014.2/393
 
预约/预借
| 序号 | 登录号 | 条形码 | 馆藏地/架位号 | 状态 | 备注 |
| 1 | 541912 | 205419126 | 第一样本阅览室/ [索取号:F014.2/393] | 在馆 | |
| 2 | 541913 | 205419135 | 第一借阅区/ [索取号:F014.2/393] | 在馆 | |
| 3 | 541914 | 205419144 | 密集书库-海洋学院/ [索取号:F014.2/393] | 在馆 | |
| 4 | 541915 | 205419153 | 第一借阅区/ [索取号:F014.2/393] | 在馆 |